Blue Bug's surprise / (Record no. 8448)

MARC details
000 -LEADER
fixed length control field 01074cam a2200349 i 4500
001 - CONTROL NUMBER
control field 8448
003 - CONTROL NUMBER IDENTIFIER
control field FISKH
005 - DATE AND TIME OF LATEST TRANSACTION
control field 20250912111624.0
008 - FIXED-LENGTH DATA ELEMENTS--GENERAL INFORMATION
fixed length control field 761029s1977 ilua j 000 1 eng
010 ## - LIBRARY OF CONGRESS CONTROL NUMBER
LC control number 76050670
020 ## - INTERNATIONAL STANDARD BOOK NUMBER
International Standard Book Number 0516034278
020 ## - INTERNATIONAL STANDARD BOOK NUMBER
International Standard Book Number 9780516034270
035 ## - SYSTEM CONTROL NUMBER
System control number 3653661
040 ## - CATALOGING SOURCE
Original cataloging agency DLC
Transcribing agency DLC
Modifying agency DLC
Language of cataloging eng
042 ## - AUTHENTICATION CODE
Authentication code lcac
050 00 - LIBRARY OF CONGRESS CALL NUMBER
Classification number PZ7.P86
Item number Bmr
082 ## - DEWEY DECIMAL CLASSIFICATION NUMBER
Classification number 813.54
100 1# - MAIN ENTRY--PERSONAL NAME
Personal name Poulet, Virginia.
245 10 - TITLE STATEMENT
Title Blue Bug's surprise /
Statement of responsibility, etc. by Virginia Poulet ; illustrated by Mary Maloney and Stan Fleming.
260 ## - PUBLICATION, DISTRIBUTION, ETC.
Place of publication, distribution, etc. Chicago :
Name of publisher, distributor, etc. Childrens Press,
Date of publication, distribution, etc. 1977.
300 ## - PHYSICAL DESCRIPTION
Extent 32 pages :
Other physical details color illustrations ;
Dimensions 25 cm
505 ## - FORMATTED CONTENTS NOTE
Formatted contents note E<br/>
520 ## - SUMMARY, ETC.
Summary, etc. Blue Bug surprises his friend by giving her many kinds of flowers. Then she surprises him.
521 8# - TARGET AUDIENCE NOTE
Target audience note 160<br/>
Source Lexile estimate<br/>
521 8# - TARGET AUDIENCE NOTE
Target audience note E<br/>
Source Raz-Plus<br/>
650 #1 - SUBJECT ADDED ENTRY--TOPICAL TERM
Topical term or geographic name entry element Flowers
General subdivision Fiction.
700 1# - ADDED ENTRY--PERSONAL NAME
Personal name Maloney-Fleming, Mary.
Relator term illustrator
700 1# - ADDED ENTRY--PERSONAL NAME
Personal name Fleming, Stan.
Relator term illustrator
906 ## - LOCAL DATA ELEMENT F, LDF (RLIN)
a 7
b cbc
c orignew
d 1
e ocip
f 19
g y-gencatlg
942 ## - ADDED ENTRY ELEMENTS (KOHA)
Source of classification or shelving scheme Dewey Decimal Classification
Koha item type Books
Suppress in OPAC No
Holdings
Withdrawn status Lost status Source of classification or shelving scheme Damaged status Not for loan Collection Home library Current library Shelving location Date acquired Total Checkouts Full call number Barcode Date last seen Copy number Price effective from Koha item type
    Dewey Decimal Classification     Juvenile Fiction Footprints International School Library Network Toul Tom Poung Campus Footprints International School Library Network Toul Tom Poung Campus TTP Primary Green Bookshelves 09/12/2025   POU 813.54 PZ7.P86 B FIS04080 09/12/2025 1 09/12/2025 Books